A magic train ride / (Record no. 8611)

MARC details
000 -LEADER
fixed length control field 00785nam a22002777a 4500
001 - CONTROL NUMBER
control field 8611
003 - CONTROL NUMBER IDENTIFIER
control field FISKH
005 - DATE AND TIME OF LATEST TRANSACTION
control field 20251003162304.0
008 - FIXED-LENGTH DATA ELEMENTS--GENERAL INFORMATION
fixed length control field 251002b cb ||||| |||| 00| 0 eng d
020 ## - INTERNATIONAL STANDARD BOOK NUMBER
International Standard Book Number 9789833578931
040 ## - CATALOGING SOURCE
Original cataloging agency FISKH
Language of cataloging eng
Transcribing agency FISKH
Modifying agency FISKH
050 ## - LIBRARY OF CONGRESS CALL NUMBER
Classification number BZ7
082 ## - DEWEY DECIMAL CLASSIFICATION NUMBER
Classification number 385
100 ## - MAIN ENTRY--PERSONAL NAME
Personal name Anonymous
Relator term Author
245 ## - TITLE STATEMENT
Title A magic train ride /
260 ## - PUBLICATION, DISTRIBUTION, ETC.
Name of publisher, distributor, etc. SDN. BHD
Date of publication, distribution, etc. 2010.
300 ## - PHYSICAL DESCRIPTION
Extent 24 pages :
Other physical details color illustrations ;
Dimensions 26 cm.
505 ## - FORMATTED CONTENTS NOTE
Formatted contents note G<br/>
520 ## - SUMMARY, ETC.
Summary, etc. A series of reader cum activity books for children to learn English as well as Mathematics.
521 8# - TARGET AUDIENCE NOTE
Target audience note 385<br/>
Source Lexile estimate <br/>
521 8# - TARGET AUDIENCE NOTE
Target audience note G <br/>
Source Raz-Plus <br/>
650 ## - SUBJECT ADDED ENTRY--TOPICAL TERM
Topical term or geographic name entry element English book
Form subdivision Transportations
650 ## - SUBJECT ADDED ENTRY--TOPICAL TERM
Topical term or geographic name entry element Mathematics
Form subdivision Children
942 ## - ADDED ENTRY ELEMENTS (KOHA)
Source of classification or shelving scheme Dewey Decimal Classification
Koha item type Books
Suppress in OPAC No
Holdings
Withdrawn status Lost status Source of classification or shelving scheme Damaged status Not for loan Home library Current library Shelving location Date acquired Total Checkouts Full call number Barcode Date last seen Copy number Price effective from Koha item type Collection
    Dewey Decimal Classification     Footprints International School Library Network Toul Kork Campus Footprints International School Library Network Toul Kork Campus TK Primary Library Room(4th Floor), Bookcase 1&2, Shelves 1-16, Dark Blue Books 10/02/2025   ANO 385 BZ7 2025-4479 10/02/2025 1 10/02/2025 Books  
    Dewey Decimal Classification     Footprints International School Library Network Toul Kork Campus Footprints International School Library Network Toul Kork Campus TK Primary Library Room(4th Floor), Bookcase 1&2, Shelves 1-16, Dark Blue Books 11/20/2025   ANO 385 BZ7 FISBK072821 11/20/2025 2 11/20/2025 Books Juvenile Fiction